000
00317nam a2200121 a 4500
005
20140414131919.0
008
101021s19uu xx 00 eng d
050
_a
ER
_b
C43 2001
100
_a
Maccarone, Grace
245
_a
A child's good night prayer.
260
_a
New York :
_b
Scholastic ,
_c
2001.
999
_c
111647
_d
111647